000 00723nam a2200277 a 4500
003 AR-BaBNM
005 20251128205626.0
008 082120s2002 ||||||||||||||000 | spa||
020 _a950-839-054-9
040 _cAR-BaBNM
100 1 _aGarcía Cahuzac, Susana
245 0 0 _aSailing
_bstudent's book 4to EGB
_n1
250 _a1ª ed.
260 _aBuenos Aires
_bHeinemann
_bCincel
_c1997
300 _a95 p.
_bil.
650 4 _aENSEÑANZA DE IDIOMAS
650 4 _aINGLES
650 4 _aVOCABULARIO
650 4 _aGRAMATICA
650 4 _aACTIVIDADES DE APRENDIZAJE
650 4 _aLIBROS DE TEXTO
653 _aEDUCACION GENERAL BASICA
700 1 _aTiberio, Silvia Carolina
942 _cBK
998 _cCARMEN
999 _c12155
_d12155